[Event "Mittelfrank Regionalliga Nord-West 2223"]
[Site "Mittelfranken"]
[Date "2022.11.27"]
[Round "3.7"]
[White "Deml, Tilo"]
[Black "Urytskyy, Arkadiy"]
[Result "1-0"]
[WhiteElo "1907"]
[BlackElo "1944"]
[PlyCount "151"]
[EventDate "2022.10.09"]
[EventType "team-tourn"]
[EventRounds "9"]
[EventCountry "GER"]
[SourceTitle "EXT 2024"]
[Source "ChessBase"]
[SourceDate "2023.10.10"]
[SourceVersion "1"]
[SourceVersionDate "2023.10.10"]
[SourceQuality "1"]
[WhiteTeam "Marktleuthen"]
[BlackTeam "Hof PTSV"]
[WhiteTeamCountry "GER"]
[BlackTeamCountry "GER"]

1. c4 c5 2. g3 Nf6 3. Bg2 Nc6 4. Nc3 g6 5. e4 d6 6. Nge2 Bg7 7. 0-0 0-0 8. h3 Rb8 9. f4 a6 10. g4 Na5 11. d3 b5 12. cxb5 axb5 13. Ng3 b4 14. Nce2 Nd7 15. Rb1 Ba6 16. Be3 c4 17. d4 c3 18. b3 Qb6 19. Rf3 Rbc8 20. Qc2 Bb5 21. Rd1 Qa6 22. Nc1 Nb7 23. h4 Qa3 24. h5 Qb2 25. Rf2 Qxc2 26. Rxc2 Nf6 27. Bf3 Bd7 28. f5 Bc6 29. Nd3 e6 30. h6 Bh8 31. g5 exf5 32. gxf6 fxe4 33. Nxe4 Rce8 34. d5 Bxd5 35. Ndf2 Bxe4 36. Nxe4 Re6 37. Bd4 Rfe8 38. Ng5 Nc5 39. Bd5 Re1+ 40. Rxe1 Rxe1+ 41. Kg2 Rd1 42. Nf3 Ne6 43. Bxe6 fxe6 44. f7+ Kxf7 45. Bxh8 e5 46. Kf2 Ke6 47. Ke2 Rh1 48. Bg7 e4 49. Nd4+ Kd5 50. Ke3 Rd1 51. Nb5 Rd3+ 52. Ke2 Rh3 53. Nxc3+ bxc3 54. Bxc3 Rxh6 55. Rd2+ Kc6 56. a4 d5 57. b4 Rh3 58. Bd4 Ra3 59. Rc2+ Kb7 60. a5 Rd3 61. Bb6 d4 62. b5 Re3+ 63. Kd2 Rd3+ 64. Kc1 Rf3 65. Rc7+ Kb8 66. a6 Rf1+ 67. Kb2 Rf2+ 68. Kb3 Rf3+ 69. Kb4 Rf8 70. Rb7+ Ka8 71. Bxd4 h5 72. b6 Re8 73. Ra7+ Kb8 74. Be3 Re6 75. Rb7+ Ka8 76. Rc7 1-0

[Event "Mittelfrank Regionalliga Nord-West 2122"]
[Site "Mittelfranken"]
[Date "2021.11.14"]
[Round "2.6"]
[White "Kuespert, Helmut"]
[Black "Urytskyy, Arkadiy"]
[Result "0-1"]
[WhiteElo "1881"]
[BlackElo "1967"]
[PlyCount "140"]
[EventDate "2021.10.24"]
[EventType "team-tourn"]
[EventRounds "9"]
[EventCountry "GER"]
[SourceTitle "EXT 2024"]
[Source "ChessBase"]
[SourceDate "2023.10.10"]
[SourceVersion "1"]
[SourceVersionDate "2023.10.10"]
[SourceQuality "1"]
[WhiteTeam "Marktleuthen"]
[BlackTeam "Hof PTSV"]
[WhiteTeamCountry "GER"]
[BlackTeamCountry "GER"]

1. e4 c5 2. b4 cxb4 3. d4 g6 4. a3 bxa3 5. c3 Bg7 6. Bd3 d6 7. Ne2 Nf6 8. 0-0 0-0 9. Nxa3 Nc6 10. f4 Bd7 11. h3 Rc8 12. Qe1 Na5 13. Rb1 a6 14. e5 Ne8 15. c4 dxe5 16. fxe5 Be6 17. Bd2 Nxc4 18. Nxc4 Bxc4 19. Bxc4 Rxc4 20. Rxb7 Nc7 21. Ba5 Qc8 22. Rxc7 Rxc7 23. Bxc7 Qxc7 24. Rf3 Rd8 25. Rc3 Qb6 26. Kh2 a5 27. Qc1 Rxd4 28. Nxd4 Bxe5+ 29. Kh1 Qxd4 30. Rc4 Qd3 31. Ra4 Qg3 32. Kg1 Bc7 33. Rc4 Bb6+ 34. Kh1 Qe5 35. Rc6 Bd4 36. Rc4 Kg7 37. Qd1 Bc5 38. Qc1 Bb4 39. Qd1 f6 40. Rc1 Bd6 41. Kg1 Qh2+ 42. Kf2 Qf4+ 43. Kg1 a4 44. Ra1 a3 45. Ra2 Qe3+ 46. Kh1 Be5 47. Re2 Qf4 48. Kg1 Qd4+ 49. Qxd4 Bxd4+ 50. Kf1 e5 51. Rc2 Kf7 52. Ke2 Ke6 53. Rc6+ Kd5 54. Ra6 Bb2 55. Kd3 e4+ 56. Ke3 Bc1+ 57. Ke2 f5 58. Kd1 Bb2 59. Ke2 Kd4 60. Kd2 f4 61. Ra4+ Kd5 62. Kc2 h5 63. Kd2 g5 64. Kc2 g4 65. Ra5+ Kd4 66. Rxh5 f3 67. gxf3 gxf3 68. Rf5 Ke3 69. h4 f2 70. h5 Ke2 0-1

[Event "GER-chT Seniors 26th"]
[Site "Templin"]
[Date "2017.09.25"]
[Round "1.1"]
[White "Nekrasov, Mihail"]
[Black "Urytskyy, Arkadiy"]
[Result "1/2-1/2"]
[WhiteElo "2359"]
[BlackElo "2176"]
[PlyCount "34"]
[EventDate "2017.09.25"]
[EventType "team-swiss"]
[EventRounds "7"]
[EventCountry "GER"]
[SourceTitle "EXT 2019"]
[Source "ChessBase"]
[SourceDate "2018.10.10"]
[SourceVersion "1"]
[SourceVersionDate "2018.10.10"]
[SourceQuality "1"]
[WhiteTeam "Baden"]
[BlackTeam "Bayern II"]
[WhiteTeamCountry "GER"]
[BlackTeamCountry "GER"]

1. e4 c5 2. Nf3 d6 3. d4 cxd4 4. Nxd4 Nf6 5. f3 g6 6. c4 Bg7 7. Be3 Nc6 8. Qd2 0-0 9. Nc3 Bd7 10. Nc2 Rc8 11. Be2 Ne5 12. b3 a6 13. Rc1 b5 14. Bd4 bxc4 15. Bxe5 cxb3 16. axb3 dxe5 17. Bxa6 Rb8 1/2-1/2

[Event "Bayern-ch Seniors op 27th"]
[Site "Bergen"]
[Date "2015.06.15"]
[Round "9"]
[White "Hein, Manfred"]
[Black "Urytskyy, Arkadiy"]
[Result "0-1"]
[WhiteElo "1850"]
[BlackElo "2078"]
[PlyCount "112"]
[EventDate "2015.06.15"]
[EventType "swiss"]
[EventRounds "9"]
[EventCountry "GER"]
[SourceTitle "EXT 2019"]
[Source "ChessBase"]
[SourceDate "2018.10.10"]
[SourceVersion "1"]
[SourceVersionDate "2018.10.10"]
[SourceQuality "1"]

1. e4 c5 2. Nf3 d6 3. d4 cxd4 4. Nxd4 g6 5. c3 Bg7 6. Be2 Nf6 7. Nd2 Nc6 8. Nxc6 bxc6 9. 0-0 0-0 10. f4 Rb8 11. g3 Qb6+ 12. Kg2 Rd8 13. Bf3 Ba6 14. Re1 e5 15. Qb3 Qc7 16. Qa3 Bc8 17. fxe5 dxe5 18. Nf1 Bf8 19. Qa4 Be6 20. Qc2 Qb6 21. b3 h6 22. Be3 Qc7 23. Rad1 a5 24. Rxd8 Rxd8 25. Rd1 Rb8 26. c4 Qc8 27. Qd2 Ng4 28. Bg1 Bb4 29. Qc1 a4 30. a3 Bf8 31. b4 Qa6 32. c5 h5 33. h3 Bh6 34. Qc3 Bg7 35. Re1 Nf6 36. Qxe5 Nd7 37. Qd6 Bc3 38. Re3 Bxh3+ 39. Kxh3 Qxf1+ 40. Kh2 Be5 41. Qxd7 Bxg3+ 42. Kxg3 Qxg1+ 43. Kf4 g5+ 44. Kf5 Qxe3 45. Qd6 Qxf3+ 46. Kxg5 Qg4+ 47. Kf6 Qg6+ 48. Ke7 Qxe4+ 49. Kf6 Qe6+ 50. Qxe6 fxe6 51. Kxe6 h4 52. Kd7 h3 53. Kxc6 h2 54. Kc7 Rf8 55. b5 h1Q 56. c6 Qh2+ 0-1

[Event "Bayern-ch Seniors op 27th"]
[Site "Bergen"]
[Date "2015.06.15"]
[Round "6"]
[White "Urytskyy, Arkadiy"]
[Black "Daeubler, Heinrich"]
[Result "1/2-1/2"]
[WhiteElo "2078"]
[BlackElo "2058"]
[PlyCount "78"]
[EventDate "2015.06.15"]
[EventType "swiss"]
[EventRounds "9"]
[EventCountry "GER"]
[SourceTitle "EXT 2019"]
[Source "ChessBase"]
[SourceDate "2018.10.10"]
[SourceVersion "1"]
[SourceVersionDate "2018.10.10"]
[SourceQuality "1"]

1. Nf3 Nf6 2. c4 g6 3. b3 Bg7 4. Bb2 0-0 5. g3 d6 6. d4 Nc6 7. Bg2 a6 8. d5 Na5 9. 0-0 c5 10. dxc6 Nxc6 11. Nc3 Ne4 12. Qc1 Nxc3 13. Bxc3 Bxc3 14. Qxc3 Qa5 15. Qb2 Rb8 16. Rfd1 Qh5 17. Rd5 Qh6 18. Rad1 Be6 19. R5d3 Rfc8 20. Rc3 Bh3 21. Bh1 Nd8 22. Re3 Ne6 23. a4 Rc7 24. Ne1 Nc5 25. Nc2 Qg7 26. Qxg7+ Kxg7 27. Nd4 Ne6 28. Nc2 Nc5 29. Ra1 b6 30. Nd4 Rbc8 31. f4 h5 32. Kf2 Kf6 33. a5 bxa5 34. Rxa5 Rb8 35. Ra3 Rb6 36. Nc2 Bf5 37. Nd4 Bc8 38. Nc2 Bf5 39. Nd4 Bc8 1/2-1/2

[Event "Bayern-ch Seniors op 27th"]
[Site "Bergen"]
[Date "2015.06.15"]
[Round "7"]
[White "Walther, Reinhard"]
[Black "Urytskyy, Arkadiy"]
[Result "1-0"]
[WhiteElo "1942"]
[BlackElo "2078"]
[PlyCount "75"]
[EventDate "2015.06.15"]
[EventType "swiss"]
[EventRounds "9"]
[EventCountry "GER"]
[SourceTitle "EXT 2019"]
[Source "ChessBase"]
[SourceDate "2018.10.10"]
[SourceVersion "1"]
[SourceVersionDate "2018.10.10"]
[SourceQuality "1"]

1. d4 Nf6 2. Bg5 g6 3. Nc3 Bg7 4. e4 0-0 5. Qd2 c5 6. d5 d6 7. Be2 a6 8. h4 b5 9. f3 b4 10. Nd1 e6 11. h5 exd5 12. hxg6 fxg6 13. Bxf6 Qxf6 14. Qxd5+ Be6 15. Qxa8 Qf4 16. Qb7 Nd7 17. Qxa6 Qg3+ 18. Kf1 Bg4 19. c3 Nf6 20. Nf2 bxc3 21. bxc3 Bc8 22. Qd3 Nh5 23. Rxh5 gxh5 24. Rd1 Be5 25. Ngh3 Qh2 26. Qe3 Be6 27. a4 Rb8 28. f4 Bg7 29. Rxd6 Bb3 30. a5 Bc2 31. a6 Rb1+ 32. Bd1 Ra1 33. a7 Bf8 34. Rd8 Bxd1 35. a8Q Ba4+ 36. Ke2 Bb5+ 37. Kd2 Rxa8 38. Rxa8 1-0

[Event "Landesliga Nord 1415"]
[Site "Bayern"]
[Date "2015.04.12"]
[Round "9.2"]
[White "Reis, Gerhard"]
[Black "Urytskyy, Arkadiy"]
[Result "1/2-1/2"]
[WhiteElo "2202"]
[BlackElo "2032"]
[PlyCount "28"]
[EventDate "2014.10.19"]
[EventType "team-tourn"]
[EventRounds "9"]
[EventCountry "GER"]
[SourceTitle "EXT 2018"]
[Source "ChessBase"]
[SourceDate "2017.10.13"]
[SourceVersion "1"]
[SourceVersionDate "2017.10.13"]
[SourceQuality "1"]
[WhiteTeam "Nuernberg Sued SW"]
[BlackTeam "Bindlach Aktionaer II"]
[WhiteTeamCountry "GER"]
[BlackTeamCountry "GER"]

1. Nf3 c5 2. c4 Nf6 3. Nc3 d5 4. cxd5 Nxd5 5. e3 e6 6. d4 cxd4 7. exd4 Be7 8. Bd3 0-0 9. 0-0 Nc6 10. a3 b6 11. Re1 Bb7 12. Bc2 Rc8 13. Qd3 g6 14. Bh6 Re8 1/2-1/2

[Event "Landesliga Nord 1314"]
[Site "Bayern"]
[Date "2013.10.13"]
[Round "1.5"]
[White "Urytskyy, Arkadiy"]
[Black "Dey, Jan Marten"]
[Result "1/2-1/2"]
[WhiteElo "2188"]
[BlackElo "2243"]
[PlyCount "34"]
[EventDate "2013.10.13"]
[EventType "team"]
[EventRounds "9"]
[EventCountry "GER"]
[SourceTitle "EXT 2015"]
[Source "ChessBase"]
[SourceDate "2014.11.20"]
[SourceVersion "1"]
[SourceVersionDate "2014.11.20"]
[SourceQuality "1"]
[WhiteTeam "Bindlach II"]
[BlackTeam "Schweinfurt"]
[WhiteTeamCountry "GER"]
[BlackTeamCountry "GER"]

1. Nf3 Nf6 2. c4 c6 3. g3 d5 4. b3 g6 5. Bg2 Bg7 6. Bb2 0-0 7. 0-0 Nbd7 8. d3 Re8 9. Qc2 dxc4 10. Qxc4 e5 11. Qc2 Qc7 12. Nbd2 Nb6 13. Rac1 Bg4 14. h3 Bxf3 15. Nxf3 Rad8 16. Nd2 Qe7 17. Nc4 Nxc4 1/2-1/2

[Event "Bayern-ch Seniors 25th"]
[Site "Bergen"]
[Date "2013.06.18"]
[Round "4.1"]
[White "Goy, Udo"]
[Black "Urytskyy, Arkadiy"]
[Result "1/2-1/2"]
[WhiteElo "2087"]
[BlackElo "2023"]
[PlyCount "59"]
[EventDate "2013.06.15"]
[EventType "swiss"]
[EventRounds "9"]
[EventCountry "GER"]
[SourceTitle "EXT 2022"]
[Source "ChessBase"]
[SourceDate "2021.10.06"]
[SourceVersion "1"]
[SourceVersionDate "2021.10.06"]
[SourceQuality "1"]

1. d4 Nf6 2. c4 g6 3. Nc3 Bg7 4. e4 d6 5. Be2 0-0 6. Nf3 Nbd7 7. 0-0 e5 8. d5 Nc5 9. Qc2 a5 10. h3 Nh5 11. Re1 f5 12. Bg5 Qe8 13. Nd2 Nf6 14. f3 Nh5 15. b3 Nf4 16. Bf1 h6 17. Bh4 g5 18. Bf2 g4 19. hxg4 fxg4 20. g3 Qg6 21. Re3 gxf3 22. Nxf3 Nh3+ 23. Bxh3 Bxh3 24. Nh4 Qg5 25. Rae1 Rf4 26. Rf3 Raf8 27. Rxf4 Rxf4 28. Qe2 h5 29. Qe3 Qf6 30. Qd2 1/2-1/2